| 000 | 00648cam a22002175a 4500 | ||
|---|---|---|---|
| 999 |
_c15134 _d15134 |
||
| 005 | 20190519104412.0 | ||
| 008 | 091105s2010 enka fr 001 0 eng d | ||
| 020 | _a9781408225455 | ||
| 040 |
_aDLC _cDLC _beng _dEG-ScBUE _dEG-ScBUE |
||
| 082 | 0 | 4 |
_a346.4207 _bADA _222 |
| 100 | 1 |
_aAdams, Alix. _923147 |
|
| 245 | 1 | 0 |
_aLaw for Business Students / _cAlix Adams. |
| 250 | _a6th ed. | ||
| 260 |
_aHarlow ; _aNew York : _bPearson Education, _c2010. |
||
| 300 |
_axlvii, 589 p. : _bill. (col.) ; _c24 cm. |
||
| 500 | _aIncludes index. | ||
| 650 | 7 |
_aBusiness law _zEngland. _2BUEsh _923148 |
|
| 651 | _2BUEsh | ||
| 653 |
_bLLAAWW _cApril2019 |
||
| 942 | _2ddc | ||